History Quiz

Random History or Biography Quiz

Who Am I? Famous People VI Quiz Stats

 Plays Quiz Updated Aug 11, 2019

Score 0/18 Timer 05:00
10 Plays Today
% Correct
Queen Elizabeth I
Ruled 1558-1603
88.6%
Nikola Tesla
Electricity Pioneer
85.7%
Audrey Hepburn
Film & Fashion Icon
84.6%
Steve Wozniak
Apple Co-Founder
83.4%
Grace Kelly
Princess of Monaco
83.4%
Henry Kissinger
US Secretary of State
81.2%
Charles Schulz
Peanuts Creator
79.5%
Christopher Columbus
America Discoverer
79.1%
Dwight D. Eisenhower
US President 1953-61
78.9%
% Correct
Warren G. Harding
US President 1921-23
76.1%
Hayao Miyazaki
Animation Filmmaker
74.6%
Eleanor Roosevelt
First Lady 1933-45
72.4%
Marco Polo
'The Travels of
Marco Polo'
70.8%
Ruth Handler
Barbie Doll Inventor
70.5%
Billy Graham
Evangelist
70.3%
Emily Dickinson
American Poet
64.4%
Emily Post
American Author
50%
Frances Folsom Cleveland
First Lady 1885-89
& 1893-97
48.1%

You're not logged in!

Compare scores with friends on all Sporcle quizzes.
OR
Log In

Sporcle TV

Today on Sporcle TV


Watch our educational content, quiz creation guides, and fun videos on Sporcle TV.

Show Comments

Extras

Top Quizzes Today


Score Distribution

Your Account Isn't Verified!

In order to create a playlist on Sporcle, you need to verify the email address you used during registration. Go to your Sporcle Settings to finish the process.

Report this User

Report this user for behavior that violates our Community Guidelines.

Details: